José Miguel Carrera
保存先:
| 第一著者: | |
|---|---|
| フォーマット: | 図書 |
| 言語: | スペイン語 |
| 出版事項: |
Santiago
Andrés Bello
1967
|
| 版: | 2a. ed |
| 主題: | |
| タグ: |
タグ追加
タグなし, このレコードへの初めてのタグを付けませんか!
|
MARC
| LEADER | 00000nam a2200000 a 4500 | ||
|---|---|---|---|
| 001 | UCP7984 | ||
| 003 | CL-VaPUC | ||
| 008 | 000106e19670000CL |||||||||||||||||spa|d | ||
| 082 | 0 | 4 | |a 923.5 |b LIR |2 21 |
| 100 | |a Lira Urquieta, Pedro |e autor |9 259149 | ||
| 245 | 1 | 0 | |a José Miguel Carrera |
| 250 | |a 2a. ed | ||
| 300 | |a 123 p | ||
| 942 | |c BK | ||
| 945 | |d 20000106 00:00:00 |a rherrera | ||
| 260 | |a Santiago |b Andrés Bello |c 1967 | ||
| 600 | 0 | |a Carrera, José Miguel |9 316043 | |
| 650 | 0 | |a Biografías |9 255210 | |
| 650 | 7 | |a CAUDILLOS |2 CL-VaPUC |9 406764 | |
| 650 | 0 | |a Militares |9 336881 | |
| 650 | 0 | |a Vida y obra |9 311871 | |
| 650 | 7 | |a EMANCIPACION |2 CL-VaPUC |9 414261 | |
| 650 | 0 | |a Patria Vieja |9 380238 | |
| 651 | 7 | |a CHILE |2 CL-VaPUC |9 437758 | |
| 583 | |a last modification |c 20000106 00:00:00 |k Rodrigo Vera | ||
| 999 | |c 285020 |d 285018 | ||
| 952 | |0 0 |1 0 |4 0 |6 923_500000000000000_LIR_1967 |7 0 |8 A |9 329368 |a BIBHIS |b BIBHIS |d 2019-11-20 |i 1377124 |o 923.5 LIR 1967 |p 1377124 |r 2025-01-20 |w 2019-11-20 |y BK |k HIS | ||
| 952 | |0 0 |1 0 |4 0 |6 923_500000000000000_LIR_1967 |7 0 |8 A |9 329369 |a BIBHIS |b BIBHIS |d 2019-11-20 |i 4449843 |o 923.5 LIR 1967 |p 4449843 |r 2025-01-20 |w 2019-11-20 |y BK |k HIS | ||